Statistiques concernant Pays de 14 millions d'habitants à 6 millions

Cliquez ici pour prendre le quiz!

Statistiques générales

  • Ce quiz a été pris 36 fois
  • Le résultat moyen est 18 sur 35

Statistiques - réponses

PopulationPays% Correct
10 223 349Portugal
88%
8 851 431Suisse
85%
8 977 139Autriche
79%
10 673 669Suède
79%
10 302 720Grèce
76%
6 618 615Bulgarie
73%
7 097 028Serbie
73%
11 715 774Belgique
67%
9 994 993Hongrie
64%
10 503 734République Tchèque
58%
10 759 406Honduras
55%
6 947 270Paraguay
55%
11 174 587Cuba
52%
9 591 853Émirats arabes unis
52%
9 311 652Israël
52%
7 142 529Nicaragua
52%
6 598 071Turkménistan
52%
10 331 513Tadjikistan
48%
11 867 030Haïti
45%
6 839 606Kirghizistan
45%
7 736 681Laos
45%
11 434 005République Dominicaine
45%
9 260 864Togo
45%
12 564 689Tunisie
45%
9 455 037Biélorussie
42%
12 567 336Bolivie
42%
11 384 922Jordanie
42%
13 591 657Burundi
39%
6 396 289Salvador
36%
6 052 709Singapour
36%
10 515 788Papouasie-Nouvelle-Guinée
33%
6 964 197Libye
30%
8 977 972Sierra Leone
27%
11 277 092Soudan du Sud
27%
6 244 547Congo
21%

Distribution des résultats

Percentile par nombre de réponses

% des personnes avec chaque résultat

Votre développement - résultats

Vous n’avez pas pris ce quiz